000
00153nam a22000857a 4500
082
_a
823
100
_a
JAYASREE
245
_a
TELCO KNOWN-UNKNOWN
942
_c
BK
999
_c
8261
_d
8261